000 00726nac a22002657a 4500
001 BR0701375
003 BR-BrBNA
005 20240105123358.0
008 230509b bl.|||m| |||| 00| 0 por d
040 _aBR-BrBNA
_bpor
_cBiblioteca Nacional de Agricultura
072 _aF01
090 _a0600 BR0701375
100 1 _aSouza, J.S.I. de
245 1 _aPoda das plantas frutíferas
260 3 _aSão Paulo, SP (Brasil):
_bMelhoramentos,
_c1963.
300 _a192 p.
490 _aCriação e Lavoura (Brazil)
_vno. 28
_x
500 _a90 illus.
650 _aFRUTA
650 _aPODA
650 _aÉPOCA DE CORTE
650 _aMÉTODO
909 _a202312
_bLúcia Elande
_c55
_dLúcia Elande
942 _2AGRIS
_n0
_cMS
999 _c295188
_d295188